IRRI 1989 - Planning for the 1990's

Gorde:
Xehetasun bibliografikoak
Egile nagusia: IRRI
Formatua: Liburua
Hizkuntza:Undetermined
Argitaratua: Philippines IRRI 1990
Gaiak:
Etiketak: Etiketa erantsi
Etiketarik gabe, Izan zaitez lehena erregistro honi etiketa jartzen!
Thư viện lưu trữ: Trung tâm Học liệu Trường Đại học Cần Thơ
LEADER 00472nam a2200181Ia 4500
001 CTU_30110
008 210402s9999 xx 000 0 und d
082 |a 630.715 
082 |b I.71/1989 
100 |a IRRI 
245 0 |a IRRI 1989 - Planning for the 1990's 
245 0 |c IRRI 
260 |a Philippines 
260 |b IRRI 
260 |c 1990 
650 |a agriculture extension work 
904 |i Liên, 990302 
980 |a Trung tâm Học liệu Trường Đại học Cần Thơ